000 00604nam a22001817a 4500
999 _c5058
_d5058
003 AR-CdUCM
008 190311b ||||| |||| 00| 0 spa d
040 _aMUNICIPALIDAD PROVINCIAL DEL CUSCO
_cBIBLIOTECA MUNICIPAL DEL CUSCO
082 _a869.33 /
_bT79
245 _aTreinta y tres poetas arabes :
_bdesde el año 560 hasta los contemporáneos /
260 _aChile :
_bNascimiento,
_c1945.
300 _a112 páginas ;
_c19.5 cm.
500 _aDonación familia Nieto
650 _aPoesía - Siglo XX
_91708
700 _aChuaqui, Benedicto (traductor)
_915440
942 _2ddc
_cLIBROS
945 _aafb